[Event "Open Ricany 2013"]
[Site "Turnaj A"]
[Date "2013.08.27"]
[Round "5.29"]
[White "Dungl, Martin"]
[Black "Zamorsky, Ladislav"]
[Result "1-0"]
[WhiteElo "2078"]
[BlackElo "1778"]
[PlyCount "110"]
[EventDate "2013.??.??"]

1. d4 c5 2. d5 e6 3. c4 exd5 4. cxd5 d6 5. Nc3 Nf6 6. Nf3 Be7 7. Nd2 O-O 8. e4
a6 9. a4 Re8 10. Bd3 Nbd7 11. f4 Nf8 12. O-O Ng6 13. Nc4 b6 14. h3 Rb8 15. Qf3
Bb7 16. Ne3 Bf8 17. b3 Nd7 18. Bb2 Be7 19. Nf5 Bf8 20. Qg3 Nf6 21. Rae1 Qc7 22.
Qf3 Qd8 23. g4 Nd7 24. Ne2 c4 25. bxc4 Nc5 26. Bc2 Bc8 27. Ned4 Bd7 28. Ra1 Qc8
29. Rfe1 Qc7 30. h4 b5 31. axb5 axb5 32. cxb5 Bxb5 33. Nxb5 Rxb5 34. Bd4 Reb8
35. h5 Nb3 36. hxg6 fxg6 37. Bxb3 Rxb3 38. Ne3 Rd3 39. Rec1 Qb7 40. Rd1 Rb3 41.
Qe2 Qe7 42. Qg2 Qc7 43. Ra7 Qd8 44. g5 Qc8 45. Ng4 Rb2 46. Bxb2 Rxb2 47. Qh3
Qc5+ 48. Qe3 Qc2 49. Nf2 Rb3 50. Rc1 Qb2 51. Qe1 Rg3+ 52. Kh2 Qb3 53. Rac7 Qf3
54. Qf1 Qxf4 55. Nh3 Qe5 1-0

[Event "Open Ricany 2013"]
[Site "Turnaj A"]
[Date "2013.08.27"]
[Round "5.30"]
[White "Stork, Rostislav"]
[Black "Hanl, Frantisek"]
[Result "1-0"]
[WhiteElo "1814"]
[BlackElo "1964"]
[PlyCount "113"]
[EventDate "2013.??.??"]

1. e4 c6 2. d4 d5 3. exd5 cxd5 4. c4 Nf6 5. Nc3 e6 6. c5 Nc6 7. Nf3 Qc7 8. Nb5
Qb8 9. g3 Nh5 10. Ne5 g6 11. Qf3 Nxe5 12. dxe5 Qxe5+ 13. Be2 a6 14. g4 axb5 15.
gxh5 Bxc5 16. Bh6 Bb4+ 17. Kf1 Bd7 18. Qb3 Qe4 19. Rg1 gxh5 20. Bd3 Qh4 21. Bg7
Qh3+ 22. Ke2 Bf8 23. Bxh8 b4 24. Rg8 Qh4 25. Rag1 Ba4 26. Bf6 Qxf6 27. Qxb4 Qe7
28. Bb5+ Bxb5+ 29. Qxb5+ Kd8 30. a4 Rc8 31. R1g3 Qd6 32. Kf3 Ke7 33. Qxb7+ Rc7
34. Qa8 Bh6 35. Qe8+ Kf6 36. Kg2 h4 37. Rf3+ Ke5 38. Rxf7 d4 39. Qb5+ Rc5 40.
Qe2+ Kd5 41. Rxh7 e5 42. Qg4 Kc4 43. Rb7 Qd5+ 44. Qf3 Qxg8+ 45. Kh1 Be3 46.
fxe3 Qe6 47. b3+ Kc3 48. exd4+ Kb2 49. dxc5 e4 50. Qf7 Qa6 51. Rb6 Qe2 52. Rf6
e3 53. Rf1 Qd3 54. Qf6+ Kc2 55. Qf5 e2 56. Qxd3+ Kxd3 57. Re1 1-0

[Event "Open Ricany 2013"]
[Site "Turnaj A"]
[Date "2013.08.27"]
[Round "5.31"]
[White "Paukert, Jan"]
[Black "Sochor, Martin"]
[Result "1/2-1/2"]
[WhiteElo "1900"]
[BlackElo "1885"]
[PlyCount "46"]
[EventDate "2013.??.??"]

1. d4 Nf6 2. Nf3 g6 3. g3 Bg7 4. Bg2 O-O 5. O-O d6 6. c4 Nc6 7. Nc3 Bg4 8. h3
Bxf3 9. Bxf3 Nd7 10. e3 Na5 11. Qd3 c5 12. Rb1 Rb8 13. Bd2 Nc6 14. Bxc6 bxc6
15. b3 Qc7 16. Na4 Rfd8 17. f4 e5 18. dxc5 Nxc5 19. Nxc5 dxc5 20. Qc2 exf4 21.
gxf4 Qd7 22. Ba5 Re8 23. Rf3 Re6 1/2-1/2

[Event "Open Ricany 2013"]
[Site "Turnaj A"]
[Date "2013.08.27"]
[Round "5.32"]
[White "Trochta, Vojtech"]
[Black "Karol, Grecny"]
[Result "1-0"]
[WhiteElo "1727"]
[BlackElo "1923"]
[PlyCount "53"]
[EventDate "2013.??.??"]

1. e4 e6 2. d4 d5 3. e5 c5 4. c3 Qc7 5. Nf3 Nc6 6. a3 cxd4 7. cxd4 f6 8. exf6
Nxf6 9. Nc3 a6 10. Bd3 Bd6 11. O-O O-O 12. Re1 Bd7 13. Bg5 Ng4 14. h3 Nxf2 15.
Kxf2 Bg3+ 16. Kg1 Rxf3 17. Qxf3 Bxe1 18. Rxe1 Nxd4 19. Qh5 Nf5 20. Bxf5 exf5
21. Re7 Rf8 22. Be3 Qd6 23. Qg5 Rf7 24. Rxf7 Kxf7 25. Bd4 Qf8 26. Qg3 Bc6 27.
Qe5 1-0

[Event "Open Ricany 2013"]
[Site "Turnaj A"]
[Date "2013.08.27"]
[Round "5.33"]
[White "Forman, Miroslav"]
[Black "Svoboda, Jaroslav"]
[Result "0-1"]
[WhiteElo "1925"]
[BlackElo "1557"]
[PlyCount "62"]
[EventDate "2013.??.??"]

1. g4 e5 2. Bg2 d5 3. c4 d4 4. d3 c6 5. h3 Bd6 6. Nf3 Nd7 7. Nbd2 Ngf6 8. g5
Nh5 9. Ne4 Bb4+ 10. Kf1 f5 11. gxf6 Nhxf6 12. Neg5 Qe7 13. a3 Ba5 14. b4 Bc7
15. Nd2 O-O 16. Qb3 c5 17. Bd5+ Nxd5 18. cxd5 Bd6 19. Ne6 cxb4 20. Ne4 h6 21.
axb4 Nf6 22. h4 Nxe4 23. dxe4 Rf7 24. Nc5 b6 25. Nd3 Qf6 26. Ba3 Bd7 27. f3 Bb5
28. Nf2 Rc8 29. Ng4 Qf4 30. Kf2 Qxg4 31. Rag1 Qxe4 0-1

[Event "Open Ricany 2013"]
[Site "Turnaj A"]
[Date "2013.08.27"]
[Round "5.34"]
[White "Zavurkova, Monika"]
[Black "Cabart, Pavel"]
[Result "1/2-1/2"]
[WhiteElo "1758"]
[BlackElo "1836"]
[PlyCount "50"]
[EventDate "2013.??.??"]

1. Nc3 Nf6 2. d4 d5 3. Bg5 e6 4. f3 Be7 5. e4 O-O 6. Nh3 b6 7. e5 Nfd7 8. Be3
c5 9. Bb5 Ba6 10. Bxa6 Nxa6 11. O-O f6 12. f4 fxe5 13. fxe5 cxd4 14. Bxd4 Bc5
15. Bxc5 bxc5 16. Rxf8+ Qxf8 17. Qg4 Qe7 18. Nf4 Nxe5 19. Qxe6+ Qxe6 20. Nxe6
Re8 21. Nf4 d4 22. Na4 Nc4 23. Nd3 g6 24. Naxc5 Nxc5 25. Nxc5 Nxb2 1/2-1/2